| 000 | 00896cam a2200277 i 4500 | ||
|---|---|---|---|
| 999 |
_c200447706 _d65918 |
||
| 003 | TR-AnTOB | ||
| 005 | 20220422143632.0 | ||
| 007 | ta | ||
| 008 | 220223s1998 tu a 000 0 tur d | ||
| 020 | _a9756918004 | ||
| 040 |
_aTR-AnTOB _beng _erda _cTR-AnTOB |
||
| 041 | 0 | _atur | |
| 050 | 1 | 4 |
_aHC493 .K574 _bK57 1998 |
| 090 |
_aTOBBK HC493 .K574 _bK57 1998 |
||
| 245 | 0 | 0 | _aKırıkkale sanayi potansiyeli ve yatırım alanları araştırması. |
| 264 | 1 |
_aAnkara : _bSanayi ve Ticaret Bakanlığı, _c1998. |
|
| 300 |
_a81 pages : _billustrations, graphics ; _c29 cm |
||
| 336 |
_btxt _atext _2rdacontent |
||
| 337 |
_aunmediated _bn _2rdamedia |
||
| 338 |
_avolume _2rdacarrier _bnc |
||
| 651 | 0 |
_aKırıkkale (Türkiye) _xEkonomik durum _927492 |
|
| 651 | 0 |
_aKırıkkale İli (Türkiye) _xSosyal durum _9123848 |
|
| 942 |
_2z _cBK |
||